| 000 | 00528cam a2200205ua 4500 | ||
|---|---|---|---|
| 001 | 9385 | ||
| 005 | 20260515114448.0 | ||
| 008 | 150822n ii |||gr||||Z||||||hin | ||
| 020 | _a9788183482608 | ||
| 040 | _cMAIN | ||
| 041 | _ahin | ||
| 082 | _a415 | ||
| 100 |
_aMittal, Dharmendra, _eAuthor. |
||
| 245 | 0 |
_aPotro lekhon : _bbyaktigata, byboharik abong nimantran potro / _cby Dharmendra Mittal . |
|
| 260 |
_aMeerut: _bArihant, _c2008. |
||
| 300 | _a196p. | ||
| 653 | _aGrammar | ||
| 653 | _aLetter writing | ||
| 942 | _cBK | ||
| 999 |
_c8435 _d8435 |
||